Quartiers de Boulogne-Billancourt avec une Carte - Statistiques

Statistiques générales
  • Ce quiz a été pris 16 fois
  • Le résultat moyen est 4 sur 6
Réponses sur la Carte
Les réponses sont colorées sur une échelle allant du rouge au vert en fonction du pourcentage des utilisateurs qui les ont devinées à leur premier essai. Vous pouvez retrouver ces pourcentages ci-dessous.
 
Statistiques - réponses
Réponse % Correct
République / Point-du-Jour
92%
Billancourt / Rives de Seine
77%
Silly / Gallieni
62%
Centre - Ville
54%
Les Princes - Marmottants
54%
Parchamp / Albert Kahn
54%
Aucun quiz correspondant
Distribution des résultats
% des personnes avec chaque résultat
Percentile par nombre de réponses
Votre historique - résultats
Vous n’avez pas pris ce quiz